000 00517nam a2200181 a 4500
005 20230223063529.0
008 991125s1983 mx 000 0 spa u
020 _a9681313755
035 _aUPN01000042574
049 _aCG
050 4 _aHD30.4
_bF4.6
100 1 _aFernández Arena, José Antonio
245 1 0 _a99 principios administrativos /
_cJosé Antonio Fernández Arena.
260 _aMéxico :
_bDiana,
_c1983.
300 _a265 p.
650 2 _aAdministración
_xEstudio y enseñanza
_9423
905 _aLibro
999 _c42574
_d42574